MARC details
| 000 -CABECERA |
| campo de control de longitud fija |
03871nam a22003617i 4500 |
| 003 - IDENTIFICADOR DEL NÚMERO DE CONTROL |
| campo de control |
DO-SdBNP |
| 005 - FECHA Y HORA DE LA ÚLTIMA TRANSACCIÓN |
| campo de control |
20250227073850.0 |
| 007 - CAMPO FIJO DE DESCRIPCIÓN FÍSICA--INFORMACIÓN GENERAL |
| campo de control de longitud fija |
ta |
| 008 - DATOS DE LONGITUD FIJA--INFORMACIÓN GENERAL |
| campo de control de longitud fija |
210302b 2020 dr 00| 0 eng d |
| 040 ## - FUENTE DE LA CATALOGACIÓN |
| Centro catalogador/agencia de origen |
DO-SdBNP |
| Lengua de catalogación |
spa |
| Centro/agencia transcriptor |
BNPHU |
| Normas de descripción |
rda |
| 082 #4 - NÚMERO DE LA CLASIFICACIÓN DECIMAL DEWEY |
| Número de clasificación |
928.61 |
| Número de documento/Ítem |
G182g |
| Número de edición |
22 |
| 100 1# - ENTRADA PRINCIPAL--NOMBRE DE PERSONA |
| Nombre de persona |
Gutiérrez, Franklin, |
| Fechas asociadas al nombre |
1951- |
| Término indicativo de función/relación |
autor |
| 9 (RLIN) |
590 |
| 245 10 - MENCIÓN DE TÍTULO |
| Título |
Manuel de Jesús Galván : |
| Resto del título |
vaivenes de una existencia revuelta / |
| Mención de responsabilidad, etc. |
Franklin Gutiérrez ; coordinación de edición, José Alcántara Almánzar, Elvis Francis Soto. |
| 264 ## - PRODUCCIÓN, PUBLICACIÓN, DISTRIBUCIÓN, FABRICACIÓN Y COPYRIGHT |
| Producción, publicación, distribución, fabricación y copyright |
Santo Domingo : |
| Nombre del de productor, editor, distribuidor, fabricante |
Banco Central de la República Dominicana, |
| Fecha de producción, publicación, distribución, fabricación o copyright |
2020. |
| 300 ## - DESCRIPCIÓN FÍSICA |
| Extensión |
420 páginas : |
| Otras características físicas |
ilustraciones ; |
| Dimensiones |
23 cm. |
| 336 ## - TIPO DE CONTENIDO |
| Fuente |
rdacontent |
| Término de tipo de contenido |
texto |
| Código de tipo de contenido |
txt |
| 337 ## - TIPO DE MEDIO |
| Fuente |
rdamedia |
| Nombre/término del tipo de medio |
sin mediación |
| Código del tipo de medio |
n |
| 338 ## - TIPO DE SOPORTE |
| Fuente |
rdacarrier |
| Nombre/término del tipo de soporte |
volumen |
| Código del tipo de soporte |
nc |
| 490 ## - MENCIÓN DE SERIE |
| Mención de serie |
Banco Central de la República Dominicana |
| Designación de volumen o secuencia |
275 |
| 490 ## - MENCIÓN DE SERIE |
| Mención de serie |
Arte y Literatura |
| Designación de volumen o secuencia |
102 |
| 500 ## - NOTA GENERAL |
| Nota general |
Incluye datos biográficos del autor en las solapas |
| 500 ## - NOTA GENERAL |
| Nota general |
Incluye referencias bibliográficas y notas al pie de las páginas e índice onomástico |
| 504 ## - NOTA DE BIBLIOGRAFÍA, ETC. |
| Nota de bibliografía, etc. |
Bibliografía : p. 383-391 |
| 505 0# - NOTA DE CONTENIDO CON FORMATO |
| Nota de contenido con formato |
Preámbulo, 13.-- Cronología, 15.-- Primera parte: vida de Manuel de Jesús Galván. Nacimiento: origen laberíntico, 33.-- Niñez, adolescencia y educación, 41.-- Primeras incursiones en la administración pública, 47.-- Anexión: su único recurso para alcanzar la paz social, 55.-- Periodo puertorriqueño (1865-1874), 72.-- De vuelta a Santo Domingo (1874), 94.-- Del poder moderado a los negocios furtivos, 120.-- Su último lustro de existencia, 127.-- Popularidad de Galván y Enriquillo, 137.-- Legado literario de Galván a sus descendientes, 141.-- Segunda parte: labor periodística y literaria. Producción periodística, 159.-- En la prensa dominicana, 159.-- En la prensa puertorriqueña, 170.-- Producción literaria, 179.-- La puericracia, 181.-- Federico y el aburrimiento, 188.-- Elvira y Manfredo, 190.-- Enriquillo, 195.-- El Enriquillo histórico de las crónicas, 201.-- El Enriquillo ficticio de Galván, 213.-- Invención de un héroe llamado Enriquillo, 234.-- Enriquillo, niño precoz, 241.-- Rebeldía de Enriquillo, 249.-- Protagonismo de Bartolomé de Las Casas en Enriquillo, 261.-- Rebelión de Enriquillo, 267.-- Carta de Enriquillo a Carlos V, 273.-- Tergiversaciones históricas en Enriquillo, 276.-- Enriquillo ante la crítica dominicana y foránea, 280.-- Ediciones de Enriquillo, 292.-- Ediciones resumidas, 310.-- Primer anexo: escritos relacionados con la muerte de Galván. Una página triste: el entierro de Galván, 317.-- Nota necrológica, 320.-- El sepelio de ayer, 323.-- Un muerto ilustre, 325.-- Don Manuel de Jesús Galván, 331.-- Manuel de J. Galván dead, 336.-- Manuel de J. Galván muerto, 338.-- Manuel de J. Galván, 340.-- Manuel de J. Galván, 346.-- Segundo anexo: documentos de misiones diplomáticas. Participación de República Dominicana en la Exposición histórico-americana de Madrid de 1892, 351.-- Protocolo de 1903: convenio entre los Estados Unidos de América y la República Dominicana para el pago de las acreencias reclamadas por la Santo Domingo Improvement, 364.-- Tercer anexo: documentos de transacciones comerciales. Documento de préstamo de Manuel de Jesús Galván a Philiphe Evertsz, 373.-- Documento de cobro de préstamo otorgado por Galván a Rafael Abréu, 377.-- Documento de préstamo-inversión de Galván a Antonio Ortiz, |
| 590 ## - NOTA LOCAL (RLIN) |
| Nota local |
Inventariado, 2021 /LP<br/><br/> |
| 600 14 - PUNTO DE ACCESO ADICIONAL DE MATERIA--NOMBRE DE PERSONA |
| Nombre de persona |
Galván, Manuel de Jesús |
| Fechas asociadas al nombre |
1834-1910 |
| Subdivisión de forma |
Biografías |
| 9 (RLIN) |
78558 |
| 650 #4 - PUNTO DE ACCESO ADICIONAL DE MATERIA--TÉRMINO DE MATERIA |
| Término de materia o nombre geográfico como elemento de entrada |
Escritores dominicanos |
| Subdivisión de forma |
Biografías |
| 9 (RLIN) |
19138 |
| 651 #4 - PUNTO DE ACCESO ADICIONAL DE MATERIA--NOMBRE GEOGRÁFICO |
| Nombre geográfico |
República Dominicana |
| Subdivisión de forma |
Biografías |
| 9 (RLIN) |
1083 |
| 700 1# - PUNTO DE ACCESO ADICIONAL--NOMBRE DE PERSONA |
| Nombre de persona |
Soto, Elvis Francis, |
| Término indicativo de función/relación |
coordinación de la edición |
| 9 (RLIN) |
39156 |
| 700 1# - PUNTO DE ACCESO ADICIONAL--NOMBRE DE PERSONA |
| Nombre de persona |
Alcántara Almánzar, José |
| Fechas asociadas al nombre |
1946- |
| Término indicativo de función/relación |
coordinación de la edición |
| 9 (RLIN) |
7018 |
| 910 ## - DATOS DE OPCIÓN DEL USUARIO (OCLC) |
| Datos de opción del usuario |
Lperez.Validado. Control de calidad MAA |
| 942 ## - ELEMENTOS DE PUNTO DE ACCESO ADICIONAL (KOHA) |
| Fuente del sistema de clasificación o colocación |
Dewey Decimal Classification |
| Tipo de ítem Koha |
Libro |